Statystyki dla Najwyższe budynki w Krakowie

Kliknij tutaj aby rozwiązać quiz!

Ogólne statystyki

  • Ten quiz został rozwiązany 109 razy
    (108 od ostatniego zresetowania)
  • Średni wynik to 2 z 8

Statystyki odpowiedzi

Wysokość (m)Nazwa budynku% Poprawnych
102,5Unity Tower (Szkieletor)
89%
105K1 (Błękitek)
77%
60Biprostal
25%
65Dom Wschodzącego Słońca (InterHouse Hotel)
7%
60Salwator Tower
7%
62Quattro Business Park
6%
63Bocianie Gniazdo
5%
60Rondo Business Park
2%

Rozkład punktacji

Percentyl według liczby udzielonych odpowiedzi

Procent ludzi z każdym wynikiem

Twoja historia wyników

Nie rozwiązałeś tego quizu od ostatniego zresetowania